Lady Gaga - Chansons commençant par J - Statistiques

Statistiques générales
  • Ce quiz a été pris 12 fois
  • Le résultat moyen est 4 sur 8
Statistiques - réponses
J % Correct
Judas
90%
Just Dance (featuring Colby O'Donis)
80%
Joanne
50%
The Joker
50%
John Wayne
40%
Jewels N' Drugs (featuring T.I., Too Short et Twista)
30%
Just Another Day
30%
Just One of Those Things (Bennett solo)
10%
Aucun quiz correspondant
Distribution des résultats
% des personnes avec chaque résultat
Percentile par nombre de réponses
Votre historique - résultats
Vous n’avez pas pris ce quiz